000 00344nam a2200145Ia 4500
008 151213s9999 xx 000 0 und d
100 _aHanry David
245 _aCivil Disobedience
_cHanry David
260 _aNew York
_bPenguing Books
300 _a7330 p.
650 _aEnglish
650 _aEnglish
700 _aHanry David
999 _c3897
_d3897